Premier League Table 2016-17 - Statistics

General Stats
  • This quiz has been taken 21 times
    12 since last reset
  • The average score is 8 of 20
Answer Stats
Position Points Team % Correct
1. 93 Chelsea
100%
2. 86 Tottenham
89%
3. 78 Manchester City
78%
5. 75 Arsenal
56%
4. 76 Liverpool
56%
7. 61 Everton
44%
6. 69 Manchester United
44%
18. 34 Hull City
33%
19. 28 Middlesbrough
33%
20. 24 Sunderland
33%
15. 41 Swansea City
33%
9. 46 Bournemouth
22%
16. 40 Burnley FC
22%
14. 41 Crystal Palace
22%
12. 44 Leicester City
22%
8. 46 Southampton
22%
13. 44 Stoke City
22%
17. 40 Watford
22%
10. 45 West Brom
22%
11. 45 West Ham United
22%
No matching quizzes found
Score Distribution
Percent of People with Each Score
Percentile by Number Answered
Your Score History
You have not taken this quiz since the last reset